El brujito de Gulubú /
Guardado en:
| Autor Principal: | |
|---|---|
| Otros Autores: | |
| Formato: | Libro |
| Idioma: | Undetermined |
| Publicado: |
Buenos Aires :
Alfaguara,
2005.
|
| Edición: | 1a ed. |
| Series: | AlfaWalsh
|
| Materias: | |
| Etiquetas: |
Agregar Etiqueta
Sin Etiquetas, Sea el primero en etiquetar este registro!
|
| LEADER | 00837nam a22002295a 4500 | ||
|---|---|---|---|
| 001 | CEM.cems024375 | ||
| 008 | 241119s2005####ag############000#0#und#d | ||
| 005 | 20241120084614.0 | ||
| 245 | 1 | 0 | |a El brujito de Gulubú / |c María Elena Walsh ; ilustraciones María Delia Lozupone. |
| 250 | |a 1a ed. | ||
| 260 | |a Buenos Aires : |b Alfaguara, |c 2005. | ||
| 300 | |a 30 p. | ||
| 490 | 1 | |a AlfaWalsh | |
| 505 | 0 | |a Canción de la vacuna -- Paloma, palomita de la Puna -- Cosas -- Cuando la rana no se queda quieta... -- Milonga del hornero -- La Reina Batata | |
| 020 | |a 9870400426 | ||
| 100 | 1 | |a Walsh, María Elena. | |
| 700 | 1 | |a Lozupone, María Delia; il. | |
| 082 | 0 | 4 | |a A861.4 |
| 653 | |a Literatura infantil | ||
| 653 | |a Literatura argentina | ||
| 653 | |a Poesía infantil | ||
| 859 | |a CEMS |b BIB. CEMS - Inicial y Primaria |h A861.4 |i W168-5 |k IP |p 3069 |t Ej.1 | ||
